Online
Catalog

Tablas matemáticas con seis decimales / (Record no. 1532)

MARC details
000 -CABECERA
campo de control de longitud fija 01009cam a2200193 a 4500
001 - NÚMERO DE CONTROL
campo de control 000001645
005 - FECHA Y HORA DE LA ÚLTIMA TRANSACCIÓN
campo de control 20200929145640.0
008 - DATOS DE LONGITUD FIJA--INFORMACIÓN GENERAL
campo de control de longitud fija 840608s1974 xxud 000 0 spa d
040 ## - FUENTE DE LA CATALOGACIÓN
Centro catalogador/agencia de origen DO-SdBNP
Lengua de catalogación spa
Centro/agencia transcriptor BNPHU
082 ## - NÚMERO DE LA CLASIFICACIÓN DECIMAL DEWEY
Número de clasificación 512.922
Número de documento/Ítem A425t
100 1# - ENTRADA PRINCIPAL--NOMBRE DE PERSONA
Nombre de persona Allen, Edward Switzer,
Fechas asociadas al nombre 1887-
9 (RLIN) 5367
245 10 - MENCIÓN DE TÍTULO
Título Tablas matemáticas con seis decimales /
Mención de responsabilidad, etc. Allen, Baldor.
260 ## - PUBLICACIÓN, DISTRIBUCIÓN, ETC.
Lugar de publicación, distribución, etc. [Nueva York] :
Nombre del editor, distribuidor, etc. [Minerva Books],
Fecha de publicación, distribución, etc. [1974].
300 ## - DESCRIPCIÓN FÍSICA
Extensión 239 p. :
Otras características físicas il., tablas ;
Dimensiones 19 cm.
500 ## - NOTA GENERAL
Nota general Tablas de cuadrados, cubos, raíces cuadradas, raíces cúbicas, potencias y raíces quintas, circunferencias y áreas de círculos, logaritmos comunes de los números y de las funciones trigonométricas, funciones trigonométricas naturales, logaritmos naturales, exponenciales y funciones hiperbólicas, tablas para el cálculo de errores, curvas y superficies, integrales elípticas e integrales y constantes más usuales.
650 #4 - PUNTO DE ACCESO ADICIONAL DE MATERIA--TÉRMINO DE MATERIA
Término de materia o nombre geográfico como elemento de entrada Tablas matemáticas
9 (RLIN) 5368
650 #4 - PUNTO DE ACCESO ADICIONAL DE MATERIA--TÉRMINO DE MATERIA
Término de materia o nombre geográfico como elemento de entrada Logaritmos
9 (RLIN) 5369
700 1# - PUNTO DE ACCESO ADICIONAL--NOMBRE DE PERSONA
Nombre de persona Baldor, F. J.
9 (RLIN) 5370
Holdings
Estado de retiro Estado de pérdida Restricciones de uso No para préstamo Código de colección Localización permanente Ubicación/localización actual Ubicación en estantería Fecha de adquisición Número de inventario Total de préstamos Signatura topográfica completa Código de barras Fecha visto por última vez Precio válido a partir de Tipo de ítem Koha
      Excluido de préstamo Monografías: Libros y Folletos General General Depósito 22.09.2009 LF1   512.922 A425t 1645-10 25.06.2020 25.06.2020 No se presta

Powered by Koha